000 00517nam a2200169 a 4500
005 20140412111310.0
008 010503s19uu xx 00 eng d
020 _a0-590-44739-4
050 _aTR(PS E
_bAn5 1970
100 _aBarrett, Judi
245 _aAnimals should definitely not wear clothing /
_cwritten by Judi Barrett and drawn by Ron Barrett.
260 _aNew York :
_bScholastic Inc,
_c1970.
300 _a1v. (unp.) ; ill.
650 _aClothes-Stories
650 _aAnimals-Stories
999 _c103915
_d103915